[Event "Titled Tuesday intern op 14th Mar Early"]
[Site "Chess.com INT"]
[Date "2023.03.14"]
[Round "7"]
[White "Fabris, Alberto"]
[Black "Postlmayer, Jakob"]
[Result "0-1"]
[WhiteElo "2230"]
[BlackElo "2323"]
[PlyCount "66"]
[EventDate "2023.03.14"]
[EventType "swiss (blitz)"]
[EventRounds "11"]
[EventCountry "USA"]
[SourceTitle "EXT 2024"]
[Source "ChessBase"]
[SourceDate "2023.10.10"]
[SourceVersion "1"]
[SourceVersionDate "2023.10.10"]
[SourceQuality "1"]

1. e4 c5 2. Nf3 e6 3. d4 cxd4 4. Nxd4 Nc6 5. Nb5 d6 6. c4 Nf6 7. N1c3 a6 8. Na3 Be7 9. Be2 0-0 10. 0-0 b6 11. Nc2 Bb7 12. Be3 Ne5 13. f3 Rc8 14. Qd4 Ned7 15. Rac1 Qc7 16. b3 Rfd8 17. Rfd1 Qb8 18. Ne1 h6 19. Qd2 Bc6 20. Bf1 b5 21. cxb5 axb5 22. Nc2 b4 23. Ne2 d5 24. Ncd4 Ba8 25. exd5 Nxd5 26. Bf2 Bg5 27. f4 Nxf4 28. Nxf4 Bxf4 29. Be3 Bxh2+ 30. Kh1 Rxc1 31. Rxc1 Nf6 32. Qe2 Ne4 33. Bf2 Rxd4 0-1

[Event "Titled Tuesday intern op 14th Mar Early"]
[Site "Chess.com INT"]
[Date "2023.03.14"]
[Round "11"]
[White "Levitan, Caleb Levi"]
[Black "Fabris, Alberto"]
[Result "0-1"]
[WhiteElo "2007"]
[BlackElo "2230"]
[PlyCount "104"]
[EventDate "2023.03.14"]
[EventType "swiss (blitz)"]
[EventRounds "11"]
[EventCountry "USA"]
[SourceTitle "EXT 2024"]
[Source "ChessBase"]
[SourceDate "2023.10.10"]
[SourceVersion "1"]
[SourceVersionDate "2023.10.10"]
[SourceQuality "1"]

1. b3 e5 2. Bb2 Nc6 3. g3 d6 4. Bg2 Nf6 5. d3 Be7 6. Nf3 0-0 7. 0-0 h6 8. Nbd2 Be6 9. e4 Qd7 10. d4 exd4 11. Nxd4 Nxd4 12. Bxd4 Bh3 13. Qe2 Bxg2 14. Kxg2 Nh7 15. f4 Bf6 16. Nf3 Rfe8 17. Rae1 c5 18. Bxf6 Nxf6 19. Qd3 Qc6 20. Nd2 Rad8 21. c4 a6 22. Kg1 b5 23. Rf2 bxc4 24. bxc4 Qa4 25. Nf3 Qc6 26. Rfe2 Rd7 27. Nd2 Rde7 28. Qf3 Qa4 29. e5 dxe5 30. fxe5 Nd7 31. e6 fxe6 32. Rxe6 Rxe6 33. Qd5 Nf8 34. Rxe6 Rxe6 35. Ne4 Qc6 36. Nxc5 Qxd5 37. cxd5 Re5 38. Nxa6 Rxd5 39. Nb4 Rb5 40. Nc6 Rb1+ 41. Kf2 Rb2+ 42. Kf3 Rxa2 43. h4 Kf7 44. Kg4 g6 45. Ne5+ Kg7 46. h5 Ra4+ 47. Kh3 gxh5 48. Nd3 Ng6 49. Nc5 Ra3 50. Ne4 h4 51. Nf2 hxg3 52. Ng4 h5 0-1

[Event "Titled Tuesday intern op 7th Mar Early"]
[Site "Chess.com INT"]
[Date "2023.03.07"]
[Round "9"]
[White "Fabris, Alberto"]
[Black "Fikiet, Alex M"]
[Result "1-0"]
[WhiteElo "2230"]
[BlackElo "2153"]
[PlyCount "85"]
[EventDate "2023.03.07"]
[EventType "swiss (blitz)"]
[EventRounds "11"]
[EventCountry "USA"]
[SourceTitle "EXT 2024"]
[Source "ChessBase"]
[SourceDate "2023.10.10"]
[SourceVersion "1"]
[SourceVersionDate "2023.10.10"]
[SourceQuality "1"]

1. d4 d5 2. Nf3 e6 3. Bf4 Nf6 4. e3 c5 5. c3 Bd6 6. Ne5 Qc7 7. Bd3 Nbd7 8. Nxd7 Bxd7 9. Bxd6 Qxd6 10. Nd2 e5 11. dxe5 Qxe5 12. Nf3 Qe7 13. 0-0 0-0 14. Re1 Ne4 15. Bxe4 dxe4 16. Nd2 Rad8 17. Qc2 Bc6 18. Rad1 Rd3 19. Nc4 Rfd8 20. Na5 Bd5 21. Nb3 b6 22. Nc1 c4 23. Nxd3 exd3 24. Qd2 f5 25. f3 Re8 26. Qf2 Bb7 27. Qg3 b5 28. a3 a5 29. Qf4 Qc5 30. h4 Bc6 31. Qd4 Qxd4 32. exd4 Kf7 33. Rxe8 Kxe8 34. Kf2 Kf7 35. g3 Kf6 36. Ke3 h6 37. Rg1 g5 38. hxg5+ hxg5 39. Re1 g4 40. fxg4 fxg4 41. Rf1+ Kg5 42. Rf8 Bf3 43. Rb8 1-0

[Event "Titled Tuesday intern op 7th Mar Early"]
[Site "Chess.com INT"]
[Date "2023.03.07"]
[Round "8"]
[White "Fabris, Alberto"]
[Black "Jovic, Stanoje"]
[Result "1-0"]
[WhiteElo "2230"]
[BlackElo "2073"]
[PlyCount "183"]
[EventDate "2023.03.07"]
[EventType "swiss (blitz)"]
[EventRounds "11"]
[EventCountry "USA"]
[SourceTitle "EXT 2024"]
[Source "ChessBase"]
[SourceDate "2023.10.10"]
[SourceVersion "1"]
[SourceVersionDate "2023.10.10"]
[SourceQuality "1"]

1. d4 Nf6 2. Nf3 e6 3. Bf4 d5 4. e3 Bd6 5. Bd3 b6 6. 0-0 0-0 7. Qe2 c5 8. c3 a5 9. Ne5 Ba6 10. Bxa6 Nxa6 11. Nd2 Bxe5 12. Bxe5 Nd7 13. Bg3 Re8 14. Rad1 c4 15. e4 dxe4 16. Nxc4 f5 17. f3 exf3 18. Qxf3 Nc7 19. Ne5 Nxe5 20. Bxe5 Nd5 21. c4 Nf6 22. Qg3 Ra7 23. Bxf6 Qxf6 24. Qd6 Rb7 25. Qc6 Ree7 26. Rfe1 e5 27. Qc8+ Kf7 28. dxe5 Qe6 29. Qxe6+ Rxe6 30. Rd5 Rc7 31. b3 a4 32. Kf2 axb3 33. axb3 g5 34. Ke3 Ra7 35. Re2 Ra3 36. Rb5 Kg6 37. Kd4 f4 38. Kd5 Kf5 39. Kd4 Ra1 40. Kc3 g4 41. Rd5 f3 42. gxf3 gxf3 43. Rf2 Ke4 44. Rd3 Rc1+ 45. Kd2 Rb1 46. Rfxf3 Kxe5 47. Rfe3+ Kf6 48. Rxe6+ Kxe6 49. Rh3 Rb2+ 50. Kc3 Ra2 51. Rxh7 Kd6 52. Kb4 Kc6 53. Rh6+ Kb7 54. h4 Ra1 55. h5 Ra5 56. Rh7+ Ka6 57. h6 Rh5 58. Rh8 Rh1 59. Ka4 Ra1+ 60. Kb4 Rh1 61. h7 Kb7 62. Kc3 Rh4 63. b4 Ka7 64. Kb3 Kb7 65. Ka4 Ka7 66. Kb5 Kb7 67. c5 bxc5 68. bxc5 Rh5 69. Kc4 Rh4+ 70. Kd5 Rh5+ 71. Kd6 Rh6+ 72. Kd7 Rh1 73. c6+ Ka7 74. c7 Rd1+ 75. Kc8 Rh1 76. Kd8 Rd1+ 77. Ke7 Re1+ 78. Kf6 Rf1+ 79. Kg5 Rg1+ 80. Kf4 Rh1 81. c8Q Rf1+ 82. Ke3 Re1+ 83. Kf2 Re7 84. Qa8+ Kb6 85. Rb8+ Rb7 86. Qxb7+ Kc5 87. Qc7+ Kd4 88. Re8 Kd3 89. Qd7+ Kc4 90. Rc8+ Kb4 91. Qb7+ Ka5 92. Ra8# 1-0

[Event "Titled Tuesday intern op 7th Mar Early"]
[Site "Chess.com INT"]
[Date "2023.03.07"]
[Round "2"]
[White "Fabris, Alberto"]
[Black "Shevtchenko, Olesya"]
[Result "1-0"]
[WhiteElo "2230"]
[BlackElo "2054"]
[PlyCount "137"]
[EventDate "2023.03.07"]
[EventType "swiss (blitz)"]
[EventRounds "11"]
[EventCountry "USA"]
[SourceTitle "EXT 2024"]
[Source "ChessBase"]
[SourceDate "2023.10.10"]
[SourceVersion "1"]
[SourceVersionDate "2023.10.10"]
[SourceQuality "1"]

1. d4 Nf6 2. Nf3 e6 3. Bf4 c5 4. e3 Qb6 5. Qc1 Nc6 6. c3 d5 7. Bd3 h6 8. 0-0 Nh5 9. Bg3 Nxg3 10. hxg3 Be7 11. Nbd2 f5 12. Ne5 Nxe5 13. dxe5 Bd7 14. c4 d4 15. exd4 cxd4 16. Nf3 Rd8 17. b3 Bc6 18. g4 fxg4 19. Bg6+ Kd7 20. Nxd4 Qxd4 21. Rd1 Kc7 22. Rxd4 Rxd4 23. Qe3 Rhd8 24. Re1 Bg5 25. Qg3 Bf4 26. Qh4 Bg5 27. Qh5 g3 28. fxg3 Rd2 29. Be4 Bxe4 30. Rxe4 Rf8 31. Qg4 Rff2 32. Qh3 Rxa2 33. Re1 Kd7 34. Kh2 Ke7 35. Rg1 Rad2 36. Qg4 Rf5 37. Qe4 b6 38. Qb7+ Rd7 39. Qe4 Be3 40. g4 Bxg1+ 41. Kxg1 Rf8 42. Qg6 Rf7 43. Kh2 a5 44. Kh3 Ra7 45. Qe4 Rc7 46. Qd4 Ke8 47. Qxb6 Rb7 48. Qxe6+ Rfe7 49. Qc8+ Kf7 50. Qf5+ Kg8 51. Qd3 Rxe5 52. g3 Rbe7 53. Qd4 Kh8 54. c5 Re1 55. c6 R7e2 56. g5 Rh1+ 57. Kg4 h5+ 58. Kf3 Re8 59. c7 Rc1 60. Qd8 Rf1+ 61. Kg2 Rff8 62. Qd7 Re2+ 63. Kh3 Ree8 64. g6 a4 65. bxa4 h4 66. Kxh4 Re4+ 67. Kh3 Rc4 68. a5 Ra8 69. Qd5 1-0